English sentence structure : english sentences made easy

Bibliographic Details
Format: Book
Language:English
Published: Subang Jaya : Pelanduk Publications (M) Sdn. Bhd. 2002
Subjects:

MARC

LEADER 00000cam a2200000 7i4500
001 0000016378
005 20241028.0
008 060327 my eng
020 |a 9679788415 (pbk) 
040 |a INS   |b eng   |e rda 
090 0 0 |a PE144   |b .E74 2002 
245 0 0 |a English sentence structure :   |b english sentences made easy 
264 1 |a Subang Jaya :   |b Pelanduk Publications (M) Sdn. Bhd.   |c 2002 
300 |a 59 pages ;   |c 22 cm. 
336 |a text  |2 rdacontent 
337 |a unmediated  |2 rdamedia 
338 |a volume  |2 rdacarrier 
650 0 |a English language   |x Grammar 
650 0 |a English language   |x Sentences 
999 |a 0000016229   |b BOOK   |c Open Shelf   |e Default branch 
999 |a 0000016966   |b BOOK   |c Open Shelf   |e Default branch 
999 |a 0000016967   |b BOOK   |c Open Shelf   |e Default branch 
999 |a 0000016968   |b BOOK   |c Open Shelf   |e Default branch